Statistics for 'Oliver!' Lyrics

Click here to take the quiz!

General Stats

  • This quiz has been taken 23 times
  • The average score is 18 of 21

Answer Stats

HintAnswer% Correct
Oliver, ______Oliver
100%
Oliver, _____Oliver
100%
Oliver, _____Oliver
100%
Oliver, _____Oliver
100%
Oliver, _____Oliver
100%
Oliver, ______Oliver
100%
______Oliver
100%
Won't ask for more when he knows what's in _____Store
100%
Won't ask for more when he knows what's in _____Store
100%
Never before has a boy wanted _____More
91%
Never before has a boy _____ ____wanted more
91%
And feed him the cockroaches served in a ______Cannister
87%
He will ____ the day somebody named him Ol-i-verRue
83%
Which we'll _____ him downThrow
83%
Which we'll _____ him downThrow
83%
There's a dark, thin winding stairway without any ______Banister
78%
There's a long, thin winding stairway without any _______Banister
78%
What will he do when he's turned _____ ___ _____Black and Blue
70%
And feed him the cockroaches served in a ______Canister
70%
They will lay the blame on the one who ______ himNamed
61%
What heavens pray will the _______ sayGovernors
22%

Score Distribution

Percentile by Number Answered

Percent of People with Each Score

Your Score History

You have not taken this quiz